Karachi During the British Era : Two Histories of a Modern City / (Record no. 2351)
[ view plain ]
| 000 -LEADER | |
|---|---|
| fixed length control field | 00330 a2200097 4500 |
| 082 ## - DEWEY DECIMAL CLASSIFICATION NUMBER | |
| Classification number | 954.9183 DES |
| 100 ## - MAIN ENTRY--PERSONAL NAME | |
| Personal name | Desouza,Ronald |
| 245 ## - TITLE STATEMENT | |
| Title | Karachi During the British Era : Two Histories of a Modern City / |
| Statement of responsibility, etc. | Ronald Desouza |
| 260 ## - PUBLICATION, DISTRIBUTION, ETC. | |
| Place of publication, distribution, etc. | Pakistan : |
| Date of publication, distribution, etc. | Oxford University Press, |
| Name of publisher, distributor, etc. | 2007 |
| 300 ## - PHYSICAL DESCRIPTION | |
| Extent | 155p. : |
| Dimensions | 25cm |
| 650 ## - SUBJECT ADDED ENTRY--TOPICAL TERM | |
| Topical term or geographic name entry element | History - Karachi |
| Chronological subdivision | Karachi - British Era |
| Withdrawn status | Lost status | Damaged status | Not for loan | Permanent Location | Current Location | Shelving location | Date acquired | Total Checkouts | Full call number | Barcode | Date last seen | Price effective from | Koha item type |
|---|---|---|---|---|---|---|---|---|---|---|---|---|---|
| School of Civil and Environmental Engineering (SCEE) | School of Civil and Environmental Engineering (SCEE) | 954.9183 DES | NIT-7176 | 01/05/2017 | 01/05/2017 | Book |
